000
00268nam a2200121Ia 4500
008
190216s9999||||xx |||||||||||||| ||und||
100
_a
Null
245
0
_a
Hindi-Hindi Pathrakarithamem Ayodyavivad
260
_b
Null
300
_a
160
650
_a
Hindi
942
_c
BK
999
_c
16058
_d
16058